00630nam a22002177a 450000500170000001000110001702000100002803500110003803700160004904000120006508200130007710000330009024500650012325000150018826000440020327000520024730000240029950000510032365000190037465000190039320170124105939.0 a855039 c00.00 a855039 bCen Lib/Ret aDPLbEN a235bBHA aBhattacharyya, Narendra Nath aThe indian mother goddess /cby Narendra Nath Bhattacharyya  a2nd rev ed aNew Delhi bManohar Book Service c1977 bNew Delhi a2, ansari road, dariya ganje110002 axv, 319p.c21cm(Hb) aIncludes bibliographical references and index  aHindu Religion aMother goddess